د يو ا ن عا ر ف (Record no. 182667)

MARC details
000 -LEADER
fixed length control field 00613nam a22001937a 4500
005 - DATE AND TIME OF LATEST TRANSACTION
control field 20211201122200.0
010 ## - LCCN (DPL NO)
LC control number UR-11343
020 ## - INTERNATIONAL STANDARD BOOK NUMBER
Terms of availability 350.00
International Standard Book Number 9789390789979
035 ## - SYSTEM CONTROL NUMBER
System control number U-9898
037 ## - SOURCE OF ACQUISITION
Source of stock number/acquisition DBAD/PUB
082 ## - DEWEY DECIMAL CLASSIFICATION NUMBER
Classification number 841
100 ## - MAIN ENTRY--PERSONAL NAME
Personal name عا ر ف حسن خا ن
245 ## - TITLE STATEMENT
Title د يو ا ن عا ر ف
Statement of responsibility, etc عا ر ف حسن خا ن
246 ## - VARYING FORM OF TITLE
Title proper/short title Dewan-e-Arif Urdu)
Remainder of title by Arif Hasan Khan
260 ## - PUBLICATION, DISTRIBUTION, ETC. (IMPRINT)
Place of publication, distribution, etc N.Delhi
Date of publication, distribution, etc 2021 ء
Name of publisher, distributor, etc Educational Publishing House
270 ## - ADDRESS
Address D1/16,Ansari Road,Darya Ganj,
City New Delhi
Postal code 110002
Fax number -
300 ## - PHYSICAL DESCRIPTION
Extent 256 ص
Dimensions 22 Cm(Hb)
942 ## - ADDED ENTRY ELEMENTS (KOHA)
Source of classification or shelving scheme Dewey Decimal Classification
Item type Urdu Bks
Classification part 841
Call number suffix ع ا ر
Holdings
Withdrawn status Lost status Not for loan Collection code Home library Current library Date acquired Source of acquisition Cost, normal purchase price Full call number Barcode Copy number Cost, replacement price Koha item type
    Not For Loan Non-fiction D.B.Act.Division Central Library 01/12/2021 DBAD/PUB 350.00 841 ع ا ر U-9898 1 350.00 Urdu Bks

© Delhi Public Library
Hit Counter
free hit counter